| 000 | 00562nam a2200181Ia 4500 | ||
|---|---|---|---|
| 008 | 100921s9999 xx 000 0 und d | ||
| 082 |
_b9450 _a891.462 थ 66 |
||
| 100 | _aताम्हणकर ना.धों. | ||
| 245 | _aमाईची माया. | ||
| 260 |
_bजोशी के.वा.पुणे. _c1966 |
||
| 300 |
_a66 _b--- |
||
| 365 | _b2 | ||
| 520 | _aललित-नाटके. | ||
| 630 | _aमाईची माया. | ||
| 650 | _aललित-नाटके. | ||
| 730 | _aमाईची माया. | ||
| 942 | _cBOOK | ||
| 999 |
_c758563 _d758560 |
||